00481nam a2200133 i 4500001000300000245012600003260002100129700002700150040000800177041000800185080001500193008004100208856009800249bg 0aBibliografia Bibliografii i Nauki o Książce 1979.nCz. 1,pBibliografia Bibliografii Polskich /coprac. Helena Pluta. aWarszawa,c1987.1 aPluta, Helena.eOprac. cBPK apol a016:01+002 s pl f |000 0 pol  uhttp://koha.tu.koszalin.pl/cgi-bin/koha/opac-detail.pl?biblionumber=23778yKatalog online BPK